[Event "IND-ch Women 2019"]
[Site "Karaikkudi"]
[Date "2019.07.22"]
[Round "5.14"]
[White "Jain Nityata"]
[Black "Rindhiya V"]
[Result "1-0"]
[WhiteElo "2135"]
[BlackElo "1573"]
[Annotator "TA"]
[PlyCount "55"]
[EventDate "2019.07.19"]
[EventType "swiss"]
[EventCountry "IND"]
[SourceTitle "playchess.com"]
[Source "ChessBase"]
[SourceQuality "1"]

{[%evp 25,55,-20,-13,-20,-2,-18,-11,-28,364,350,389,406,479,462,514,372,358,364,479,478,464,432,481,452,700,695,768,703,771,755,766,750]} 1. e4 e5 2. Nf3 Nc6 3. d4 exd4 4. Nxd4 Nf6 5. Nc3 Bb4 6. Nxc6 bxc6 7. Bd3 d5 8. exd5 cxd5 9. O-O O-O 10. Bg5 c6 11. Na4 h6 12. Bh4 Re8 13. c3 Bd6 14. Bc2 {C47: Scotch Four Knights and Four Knights with 4 g3} (14. Re1 Bg4 15. Qd2 Be6 16. Bg3 a5 17. a3 Bf8 18. Bh4 g5 19. Bg3 Ne4 20. Qc2 Nxg3 21. hxg3 Qf6 {½-½ (52) Utegaliev,A (2469)-Sasikiran,K (2640) Al Ain 2015}) 14... Ba6 15. Re1 $1 Rxe1+ 16. Qxe1 {The position is equal.} Bxh2+ $146 {[%mdl 8192]} (16... c5 $11 {and Black stays safe.}) ({Predecessor:} 16... Bb5 17. Qd1 Rb8 18. Qd4 g5 19. Bg3 Bxa4 20. Bxa4 c5 21. Qd2 Bxg3 22. fxg3 {0-1 (32) Velichko,T (1927)-Gritsayeva,O (2321) Moscow 2017}) 17. Kxh2 $18 Ng4+ 18. Kg3 ({Less strong is} 18. Kh3 Qc8 $16) 18... g5 {[#] ( -> ...Qd6+)} 19. Kxg4 Bc8+ 20. Kf3 {Threatens to win with Bg3.} Qf6+ 21. Ke2 {And now Bg3 would win.} Ba6+ 22. Kd2 {[#] Hoping for Bg3.White is clearly winning.} gxh4 23. Qe3 Kf8 {intending ...Re8.} 24. Re1 Bb5 (24... Rd8 $142 25. Kc1 Bc8 26. Qxa7 d4) 25. Nc5 {Threatening mate with Nd7+.} Rd8 26. Kc1 Kg8 27. Qd4 Qxd4 28. cxd4 1-0

[Event "IND-ch Women 2019"]
[Site "Karaikkudi"]
[Date "2019.07.22"]
[Round "5.15"]
[White "Sunyuktha C M N"]
[Black "Thipsay, Bagyashree Sathe"]
[Result "0-1"]
[WhiteElo "1815"]
[BlackElo "2093"]
[Annotator "NA RC"]
[PlyCount "66"]
[EventDate "2019.07.19"]
[EventType "swiss"]
[EventCountry "IND"]
[SourceTitle "playchess.com"]
[Source "ChessBase"]
[SourceQuality "1"]
[TimeControl "40/5400+30:1800+30"]

1. e4 {[%emt 0:00:00]} c6 {[%emt 0:00:00]} 2. d4 {[%emt 0:00:09]} d5 {[%emt 0:00:00]} 3. e5 {[%emt 0:00:43]} Bf5 {[%emt 0:00:00]} 4. Nf3 {[%emt 0:00:26]} e6 {[%emt 0:00:35]} 5. Be2 {[%emt 0:00:24]} Nd7 {[%emt 0:00:28]} 6. O-O {[%emt 0:00:22]} h6 {[%emt 0:00:10]} 7. Nbd2 {[%emt 0:00:27]} Ne7 {[%emt 0:00:56] B12: Caro-Kann: Advance Variation} 8. Nb3 {[%emt 0:00:45]} (8. c3 g5 9. Ne1 c5 10. Nc2 Nc6 11. Nb3 c4 12. Nd2 Bg6 13. Bh5 Bd3 14. Re1 Bg7 {0-1 (60) Vachier Lagrave,M (2779)-Nakamura,H (2777) chess.com INT 2018}) 8... g5 {[%emt 1:31:51]} 9. a4 {[%emt 0:33:56]} Qc7 {[%emt 0:00:00]} 10. Bd2 {[%emt 0:07:09]} Bg6 {[%emt 0:00:00]} 11. a5 {[%emt 0:20:39]} Nf5 $146 {[%emt 0:00:00]} ({Predecessor:} 11... a6 12. Rc1 O-O-O 13. Bb4 Nf5 14. Bxf8 Rhxf8 15. c4 dxc4 16. Rxc4 {1-0 (35) Ajrapetian,G (2419)-Konyshev,A (2379) Olginka 2011}) 12. a6 {[%emt 0:02:24]} b6 {[%emt 0:00:00]} 13. c4 {[%emt 0:04:49]} dxc4 {[%emt 0:00:00]} 14. Bxc4 {[%emt 0:00:19]} Rc8 {[%emt 0:00:00]} 15. Rc1 {[%emt 0:12:16]} Qd8 {[%emt 0:00:00]} 16. Qe2 {[%emt 0:09:20]} Ne7 {[%emt 0:00:00]} 17. Bb4 {[%emt 0:03:10]} Bg7 {[%emt 0:00:00]} 18. Nbd2 {[%emt 0:00:59]} Nd5 {[%emt 0:00:00]} 19. Bxd5 {[%emt 0:00:29]} cxd5 {[%emt 0:00:00]} 20. Qb5 {[%emt 0:00:37]} Bf8 {[%emt 0:00:00]} 21. Bd6 {[%emt 0:00:28]} g4 {[%emt 0:00:00]} 22. Rxc8 {[%emt 0:00:28]} Qxc8 {[%emt 0:00:00]} 23. Nh4 {[%emt 0:00:08]} Bh7 {[%emt 0:00:00]} 24. Nb3 $16 {[%emt 0:00:46]} Bxd6 {[%emt 0:00:00]} 25. exd6 {[%emt 0:00:05]} O-O {[%emt 0:00:00]} 26. Rc1 {[%emt 0:01:00]} Qd8 {[%emt 0:00:00]} 27. g3 {[%emt 0:00:36]} Nf6 {[%emt 0:00:00]} 28. Qc6 {[%emt 0:00:29]} Bd3 {[%emt 0:00:00]} 29. Qb7 {[%emt 0:00:29]} Ne4 {[%emt 0:00:00]} 30. f3 {[%emt 0:00:25]} gxf3 {[%emt 0:00:00]} 31. Nxf3 {[%emt 0:00:13]} Qf6 {[%emt 0:00:00]} 32. Ne5 {[%emt 0:00:42]} Qf2+ {[%emt 0:00:00]} 33. Kh1 {[%emt 0:00:01]} Nxg3+ {[%emt 0:00:00]} 0-1

[Event "IND-ch Women 2019"]
[Site "Karaikkudi"]
[Date "2019.07.22"]
[Round "5.16"]
[White "Jyothsna L"]
[Black "Mahalakshmi D M"]
[Result "1/2-1/2"]
[WhiteElo "1939"]
[BlackElo "2227"]
[Annotator "TA"]
[PlyCount "67"]
[EventDate "2019.07.19"]
[EventType "swiss"]
[EventCountry "IND"]
[SourceTitle "playchess.com"]
[Source "ChessBase"]
[SourceQuality "1"]

{[%evp 22,67,43,29,65,58,70,38,38,20,21,23,14,-16,0,2,20,0,0,-2,0,-3,0,-25,0,0,0,-29,0,0,0,-31,-16,-23,-9,-13,-10,0,32,13,29,13,18,7,53,21,28,34]} 1. d4 Nf6 2. Nf3 e6 3. c4 b6 4. Nc3 Bb7 5. Bg5 Be7 6. e3 d5 7. cxd5 exd5 8. Qc2 O-O 9. Bd3 h6 10. Bh4 c5 11. O-O Nbd7 12. Rac1 Re8 {D55: Queen's Gambit Declined: 4 Bg5 Be7: Lines without ...h6 and 6...h6 7 Bxf6} (12... c4 13. Bf5 a6 14. Ne5 b5 15. f3 Re8 16. Kh1 Nf8 17. g4 Bd6 18. f4 Qc7 19. Qg2 b4 20. g5 hxg5 21. Bxg5 {1-0 (32) Hawkins,J (2533)-Marin,M (2583) Douglas 2014}) 13. Rfd1 a6 14. Bf5 c4 {White is slightly better.} 15. Ne5 b5 16. a3 Nf8 17. f3 $146 ({Predecessor:} 17. Qe2 Ne4 18. Bxe7 Qxe7 19. Qg4 Nxc3 20. Rxc3 Bc8 {0-1 (45) Alarcon Bahamondes,R (2276)-Caceres Vasquez,S (2138) Praia da Pipa 2014}) 17... N6d7 18. Bf2 Nb6 19. Re1 Bd6 20. f4 Qc7 21. Rcd1 Rad8 22. g3 b4 23. axb4 Bxb4 24. Rb1 Bc8 25. Bxc8 Qxc8 26. Kg2 Qc7 27. Rec1 Nfd7 28. g4 Nxe5 29. fxe5 Be7 30. Bg3 Qc8 31. h3 Qe6 32. Ne2 Rc8 33. Nf4 Qc6 34. Qf5 {Accuracy: White = 38%, Black = 41%.} 1/2-1/2

[Event "IND-ch Women 2019"]
[Site "Karaikkudi"]
[Date "2019.07.22"]
[Round "5.17"]
[White "Priyanka, Kumari"]
[Black "Abhirami Madabushi"]
[Result "1-0"]
[WhiteElo "1991"]
[BlackElo "1689"]
[Annotator "NA RC"]
[PlyCount "77"]
[EventDate "2019.07.19"]
[EventType "swiss"]
[EventCountry "IND"]
[SourceTitle "playchess.com"]
[Source "ChessBase"]
[SourceQuality "1"]
[TimeControl "40/5400+30:1800+30"]

{[%evp 23,73,-22,-53,-47,-29,32767,-5,32767,32767,20,9,-16,37,15,32767,32767,32767,32767,32767,37,31,0,37,23,75,48,46,32767,32767,32767,32767,32767,32767,32767,32767,32767,227,193,328,372,32767,282,32767,333,421,380,396,408,368,407,32767,697]} 1. e4 {[%emt 0:00:09]} c5 {[%emt 0:00:00]} 2. Nf3 {[%emt 0:00:09]} d6 {[%emt 0:00:00]} 3. d4 {[%emt 0:00:07]} cxd4 {[%emt 0:00:04]} 4. Nxd4 {[%emt 0:00:04]} Nf6 {[%emt 0:00:11]} 5. Nc3 {[%emt 0:00:08]} a6 {[%emt 0:00:04]} 6. Be2 {[%emt 0:04:07]} e5 {[%emt 0:00:06]} 7. Nf3 {[%emt 0:00:44]} Be7 {[%emt 0:00:47]} 8. Bg5 {[%emt 0:00:52]} Nbd7 {[%emt 0:00:14]} 9. a4 {[%emt 0:03:45] B92: Sicilian Najdorf: 6 Be2} h6 {[%emt 0:00:10]} 10. Bxf6 {[%emt 0:08:16]} (10. Be3 Ng4 11. Bc1 Ngf6 12. O-O Nc5 13. Nd2 O-O 14. b4 Ne6 15. Nc4 Nd4 16. Be3 Nxe2+ 17. Qxe2 {½-½ (40) Giri,A (2783)-Nepomniachtchi,I (2763) St Petersburg 2018}) 10... Nxf6 {[%emt 0:00:16]} 11. Nd2 {[%emt 0:01:00]} O-O $146 {[%emt 0:00:44]} ({Predecessor:} 11... Be6 12. Nc4 Rc8 13. Ne3 Rxc3 14. bxc3 Nxe4 15. Bg4 Qc8 16. O-O O-O 17. Bxe6 fxe6 {0-1 (57) Ciganovic,N (2263)-Cerveny,M (2386) Zadar 2017}) 12. a5 {[%emt 0:10:33]} Be6 {[%emt 0:01:21]} 13. Nc4 {[%emt 0:03:11]} Rc8 {[%emt 0:04:02]} 14. Nb6 {[%emt 0:01:09]} Rc5 {[%emt 0:00:19]} (14... Rxc3 $5 15. bxc3 Nxe4 $15) 15. O-O {[%emt 0:04:28]} d5 {[%emt 0:01:47]} 16. exd5 {[%emt 0:08:18]} Bxd5 {[%emt 0:00:09]} ({Don't play} 16... Nxd5 $6 17. Ncxd5 Rxd5 18. Nxd5 $16) 17. Nca4 {[%emt 0:05:42]} Rc6 {[%emt 0:04:31]} 18. Nxd5 {[%emt 0:04:07]} Nxd5 {[%emt 0:00:03]} 19. Bf3 {[%emt 0:00:39]} Rd6 {[%emt 0:00:02]} 20. Qe2 {[%emt 0:01:00]} Bf6 {[%emt 0:00:05]} 21. g3 {[%emt 0:03:02]} Qxa5 {[%emt 0:02:41]} 22. c4 {[%emt 0:03:25]} ({Better is} 22. Qd3 $14 e4 23. Bxe4) 22... Ne7 {[%emt 0:01:18]} 23. Bxb7 {[%emt 0:01:42]} Qb4 {[%emt 0:12:53]} 24. c5 {[%emt 0:04:58]} Rd2 {[%emt 0:00:07]} 25. Qxa6 {[%emt 0:02:42]} e4 {[%emt 0:00:04]} 26. Qb6 {[%emt 0:01:18]} Qd4 {[%emt 0:00:58]} 27. c6 {[%emt 0:02:02]} Qxb6 {[%emt 0:00:29]} 28. Nxb6 {[%emt 0:00:07]} Rxb2 {[%emt 0:00:02]} 29. Rab1 {[%emt 0:01:39]} Rc2 {[%emt 0:05:20]} 30. Nd7 {[%emt 0:01:41]} Rd8 {[%emt 0:00:16]} (30... Nxc6 $142 31. Nxf8 Kxf8) 31. Rbc1 {[%emt 0:04:07]} Rxc1 {[%emt 0:00:09]} 32. Rxc1 {[%emt 0:01:14]} Bd4 {[%emt 0:00:06]} 33. Rc4 {[%emt 0:01:59]} Ba7 {[%emt 0:01:36]} 34. Ra4 {[%emt 0:01:09]} Bb8 {[%emt 0:01:06]} 35. Nxb8 {[%emt 0:00:21]} Rxb8 {[%emt 0:00:03]} 36. Rxe4 {[%emt 0:00:22]} Kf8 {[%emt 0:01:36] [#]} 37. Rxe7 $18 {[%emt 0:00:28] Promotion} Kxe7 {[%emt 0:00:06]} 38. c7 {[%emt 0:00:06]} Rxb7 {[%emt 0:00:22]} 39. c8=Q {[%emt 0:00:11]} 1-0

[Event "IND-ch Women 2019"]
[Site "Karaikkudi"]
[Date "2019.07.22"]
[Round "5.18"]
[White "Harshita Guddanti"]
[Black "Shetye, Siddhali"]
[Result "1-0"]
[WhiteElo "2078"]
[BlackElo "1837"]
[Annotator "NA RC"]
[PlyCount "79"]
[EventDate "2019.07.19"]
[EventType "swiss"]
[EventCountry "IND"]
[SourceTitle "playchess.com"]
[Source "ChessBase"]
[SourceQuality "1"]
[TimeControl "40/5400+30:1800+30"]

1. e4 {[%emt 0:00:02]} e5 {[%emt 0:00:00]} 2. Nc3 {[%emt 0:00:50]} Nc6 {[%emt 0:00:01]} 3. g3 {[%emt 0:00:55]} Nf6 {[%emt 0:01:59]} 4. Bg2 {[%emt 0:00:36]} Bc5 {[%emt 0:01:57]} 5. d3 {[%emt 0:01:45]} a6 {[%emt 0:13:14]} 6. h3 {[%emt 0:01:26] C26: Vienna Game: 2...Nf6, sidelines} d6 {[%emt 0:07:53]} 7. Nge2 {[%emt 0:01:19]} h6 {[%emt 0:07:56]} (7... Be6 8. f4 h6 9. f5 Bd7 10. b3 Nd4 11. Bb2 Bc6 12. Nxd4 Bxd4 13. Qe2 b5 14. Nd1 {1-0 (60) Nakamura,H (2774)-Topalov,V (2749) Saint Louis 2017}) 8. O-O {[%emt 0:04:00]} O-O {[%emt 0:03:19]} 9. Kh2 {[%emt 0:06:17]} Nd4 {[%emt 0:58:11]} 10. f4 {[%emt 0:16:55]} exf4 {[%emt 0:00:00]} 11. Nxf4 {[%emt 0:03:31]} Ne6 $146 {[%emt 0:00:00]} ({Predecessor:} 11... c6 12. b3 Nh7 13. Bb2 Ng5 14. Nce2 Nxe2 15. Qxe2 Ne6 16. Nh5 {½-½ (50) Rjanova,V (2208)-Svidinsky,D (2064) St Petersburg 2012}) 12. Nce2 {[%emt 0:08:00]} Bb6 {[%emt 0:00:00]} 13. Bd2 {[%emt 0:05:51]} Nxf4 {[%emt 0:00:00]} 14. Nxf4 {[%emt 0:01:42]} c6 {[%emt 0:00:00]} 15. Bc3 {[%emt 0:03:06]} Nd7 {[%emt 0:00:00]} 16. d4 {[%emt 0:09:52]} Ba5 {[%emt 0:00:00]} 17. b4 {[%emt 0:01:35]} Bc7 {[%emt 0:00:00]} 18. Nh5 {[%emt 0:01:54]} Qe7 {[%emt 0:01:06]} 19. Bd2 {[%emt 0:02:03]} Kh7 {[%emt 0:00:52]} 20. Qf3 {[%emt 0:28:21]} ({Don't do} 20. Qg4 $6 g6 $14) 20... g6 {[%emt 0:02:02]} 21. Nf4 {[%emt 0:00:00]} Nf6 {[%emt 0:00:52]} 22. Rae1 {[%emt 0:00:00]} Bd7 {[%emt 0:00:29]} 23. e5 {[%emt 0:00:00]} ({Better is} 23. c4 $18) 23... dxe5 {[%emt 0:00:27]} 24. dxe5 {[%emt 0:00:00]} Nd5 $18 {[%emt 0:00:58]} (24... Ng8 $16 {is a better defense.}) 25. Nxd5 {[%emt 0:00:00]} cxd5 {[%emt 0:00:01]} 26. Qe3 {[%emt 0:00:00]} Qg5 {[%emt 0:01:09]} 27. Qxg5 {[%emt 0:00:00]} hxg5 {[%emt 0:00:01]} 28. Bxd5 {[%emt 0:00:00]} Be6 {[%emt 0:00:52]} 29. Bxe6 {[%emt 0:00:00]} fxe6 {[%emt 0:00:01]} 30. Bxg5 {[%emt 0:00:00]} Rxf1 {[%emt 0:00:25]} 31. Rxf1 {[%emt 0:00:00]} Bxe5 {[%emt 0:00:02]} 32. Re1 {[%emt 0:00:00]} Bc3 {[%emt 0:00:53]} 33. Rxe6 {[%emt 0:00:00]} Bxb4 {[%emt 0:00:02]} 34. Rb6 {[%emt 0:00:00]} a5 {[%emt 0:00:21]} 35. Rxb7+ {[%emt 0:00:00]} Kg8 {[%emt 0:00:01]} 36. Bf4 {[%emt 0:00:00]} Re8 {[%emt 0:00:52]} 37. Rb8 {[%emt 0:00:00]} Rxb8 {[%emt 0:00:42]} 38. Bxb8 {[%emt 0:00:00]} Kf7 {[%emt 0:00:06]} 39. Kg2 {[%emt 0:00:00]} Ke6 {[%emt 0:00:01]} 40. c4 {[%emt 0:00:00]} 1-0

[Event "IND-ch Women 2019"]
[Site "Karaikkudi"]
[Date "2019.07.22"]
[Round "5.19"]
[White "Bakshi, Rutuja"]
[Black "ThamaraiSelvi, P."]
[Result "1-0"]
[WhiteElo "1958"]
[BlackElo "1752"]
[Annotator "NA RC"]
[PlyCount "121"]
[EventDate "2019.07.19"]
[EventType "swiss"]
[EventCountry "IND"]
[SourceTitle "playchess.com"]
[Source "ChessBase"]
[SourceQuality "1"]
[TimeControl "40/5400+30:1800+30"]

1. c4 {[%emt 0:00:00]} Nf6 {[%emt 0:00:08]} 2. Nf3 {[%emt 0:00:00]} e6 {[%emt 0:00:06]} 3. g3 {[%emt 0:00:30]} b6 {[%emt 0:00:40]} 4. Bg2 {[%emt 0:00:34]} Bb7 {[%emt 0:00:12]} 5. O-O {[%emt 0:01:10]} Be7 {[%emt 0:00:03]} 6. b3 {[%emt 0:06:37]} O-O {[%emt 0:02:33]} 7. Bb2 {[%emt 0:00:06]} d5 {[%emt 0:01:16]} 8. Qc2 {[%emt 0:09:58]} Nbd7 {[%emt 0:07:12] A14: English Opening: 1...e6 with b3 by White} (8... h6 9. d4 Nbd7 10. cxd5 exd5 11. Nc3 a6 12. Rac1 Bd6 13. Nh4 g6 14. Nxg6 fxg6 15. Qxg6+ Kh8 16. Qxh6+ {1-0 (41) Krylov,M (2476)-Usmanov,V (2463) Sochi 2017}) 9. Ne5 {[%emt 0:07:16]} c5 {[%emt 0:03:12]} 10. d3 {[%emt 0:02:41]} Qc7 {[%emt 0:01:47]} 11. Nxd7 {[%emt 0:01:45]} Qxd7 {[%emt 0:00:19]} 12. e4 {[%emt 0:02:19]} dxe4 $146 {[%emt 0:12:00]} ({Predecessor:} 12... d4 13. Nd2 e5 14. Nf3 Qc7 15. Rae1 Bc8 16. Nxe5 Qxe5 {0-1 (62) Chuc,D (1850)-Le,Q (1986) Da Lat 2013}) 13. dxe4 {[%emt 0:00:05]} Qc6 {[%emt 0:01:12]} 14. Nc3 {[%emt 0:11:42]} Rfd8 {[%emt 0:06:11]} 15. f4 {[%emt 0:06:23]} Rd4 {[%emt 0:11:11]} 16. Rf2 {[%emt 0:12:27]} Ng4 {[%emt 0:07:16]} 17. Re2 $1 {[%emt 0:03:12]} Qd7 {[%emt 0:09:38]} 18. Bh3 {[%emt 0:23:20]} h5 {[%emt 0:04:06]} 19. Nb5 {[%emt 0:03:53]} Rd3 {[%emt 0:01:20]} 20. Bxg4 {[%emt 0:02:04]} hxg4 {[%emt 0:00:06]} 21. Nc7 {[%emt 0:00:14]} Rd8 {[%emt 0:06:58]} 22. Nd5 {[%emt 0:00:02]} Rf3 {[%emt 0:00:11]} 23. Ne3 {[%emt 0:00:21]} f5 $1 {[%emt 0:04:12]} 24. Rd1 {[%emt 0:00:57]} Qc6 {[%emt 0:02:50]} 25. Rxd8+ {[%emt 0:00:24]} Bxd8 {[%emt 0:00:01]} 26. Qd2 {[%emt 0:00:25]} Bc7 {[%emt 0:13:20]} 27. Qc3 {[%emt 0:00:54]} Qd7 {[%emt 0:00:55]} 28. Qe1 {[%emt 0:03:00]} Bxe4 {[%emt 0:01:31]} 29. Nxg4 {[%emt 0:00:38]} Rd3 {[%emt 0:00:06]} 30. Nf2 {[%emt 0:00:14]} Rd6 {[%emt 0:01:58]} 31. Be5 {[%emt 0:00:16]} Rc6 $2 {[%emt 0:01:05]} (31... Bb7) 32. Nxe4 {[%emt 0:00:49]} Bxe5 {[%emt 0:00:30]} 33. fxe5 {[%emt 0:00:09]} fxe4 {[%emt 0:00:06]} 34. Rd2 {[%emt 0:00:25]} Qe7 {[%emt 0:00:47]} 35. Qxe4 {[%emt 0:00:21]} Rc8 {[%emt 0:00:02]} 36. Qg6 {[%emt 0:01:52]} Re8 {[%emt 0:01:34]} 37. Rd6 {[%emt 0:00:13]} Kf8 {[%emt 0:00:10]} 38. Qh5 {[%emt 0:00:57]} Kg8 {[%emt 0:00:22]} 39. Qg6 {[%emt 0:00:16]} Kf8 {[%emt 0:00:49]} 40. Qg4 {[%emt 0:00:00]} (40. Kf2 $18) 40... Kf7 {[%emt 0:00:00]} (40... Qf7 $16 {is a better defense.} 41. h4 Qf5 42. Qxf5+ exf5) 41. Qf4+ {[%emt 0:03:29]} (41. h4 $142) 41... Kg6 {[%emt 0:02:51]} (41... Kg8 $142 42. h4 Rf8) 42. h4 {[%emt 0:03:08]} Rd8 {[%emt 0:04:34]} (42... Kh7 $142 43. Qf3 Kg8) 43. Qe4+ {[%emt 0:04:26]} ({Weaker is} 43. Qg4+ Kf7 $18) 43... Kf7 {[%emt 0:00:33]} 44. Qf3+ {[%emt 0:00:29]} Kg8 {[%emt 0:00:35]} 45. Qc6 $18 {[%emt 0:01:35]} Rf8 {[%emt 0:26:02]} 46. Qd7 {[%emt 0:08:29]} Re8 {[%emt 0:00:00]} 47. Qxe7 {[%emt 0:00:55]} Rxe7 {[%emt 0:00:00]} 48. Kg2 {[%emt 0:00:18]} Kf7 {[%emt 0:00:00]} 49. Kf3 {[%emt 0:00:04]} Rc7 {[%emt 0:00:00]} 50. Kf4 {[%emt 0:00:37]} Rb7 {[%emt 0:00:00]} 51. Kg5 {[%emt 0:00:14]} a6 {[%emt 0:00:00]} 52. Rc6 {[%emt 0:00:32]} Ke7 {[%emt 0:00:00]} 53. Kg6 {[%emt 0:00:10]} Kd7 {[%emt 0:00:00]} 54. Rd6+ {[%emt 0:00:03]} Ke7 {[%emt 0:00:00]} 55. Kxg7 {[%emt 0:00:47]} b5 {[%emt 0:00:00]} 56. Rxa6 {[%emt 0:01:09]} bxc4 {[%emt 0:00:00]} 57. bxc4 {[%emt 0:00:03]} Rb4 {[%emt 0:00:00]} 58. Ra7+ {[%emt 0:00:04]} Ke8 {[%emt 0:00:00]} 59. Kf6 {[%emt 0:00:09]} Rxc4 {[%emt 0:00:00]} 60. Kxe6 {[%emt 0:00:03]} Kf8 {[%emt 0:00:00]} 61. Kf6 {[%emt 0:00:21]} 1-0

[Event "IND-ch Women 2019"]
[Site "Karaikkudi"]
[Date "2019.07.22"]
[Round "5.20"]
[White "Toshali, V."]
[Black "Sanskriti Goyal"]
[Result "0-1"]
[WhiteElo "1920"]
[BlackElo "1948"]
[Annotator "NA RC"]
[PlyCount "100"]
[EventDate "2019.07.19"]
[EventType "swiss"]
[EventCountry "IND"]
[SourceTitle "playchess.com"]
[Source "ChessBase"]
[SourceQuality "1"]
[TimeControl "40/5400+30:1800+30"]

1. d4 {[%emt 0:00:00]} Nf6 {[%emt 0:00:01]} 2. Nf3 {[%emt 0:00:00]} g6 {[%emt 0:00:59]} 3. Nc3 {[%emt 0:00:00]} Bg7 {[%emt 0:00:05]} 4. e4 {[%emt 0:00:00]} d6 {[%emt 0:00:04]} 5. Be2 {[%emt 0:00:00]} O-O {[%emt 0:00:25]} 6. O-O {[%emt 0:00:07]} Bg4 {[%emt 0:00:09]} 7. Bf4 {[%emt 0:00:12] B08: Pirc Defence: Classical System} Nc6 {[%emt 0:00:14]} 8. d5 {[%emt 0:00:44]} Bxf3 {[%emt 0:00:08]} 9. Bxf3 {[%emt 0:00:06]} Ne5 {[%emt 0:00:03]} (9... Na5 10. Be2 Nd7 11. Bd2 c5 12. Qe1 a6 13. Nd1 b6 14. Rb1 {1-0 (59) Aronian,L (2789)-Nepomniachtchi,I (2751) chess.com INT 2017}) 10. Be2 {[%emt 0:08:08]} c6 {[%emt 0:01:25]} 11. Bxe5 {[%emt 0:05:38]} dxe5 {[%emt 0:00:03]} 12. dxc6 {[%emt 0:00:08]} bxc6 {[%emt 0:00:03]} 13. Qxd8 $146 {[%emt 0:02:04]} ({Predecessor:} 13. Bd3 Qd4 14. Qe2 {½-½ (43) Esipenko,A (2571)-Balashov,Y (2434) Taganrog 2018}) 13... Rfxd8 {[%emt 0:00:15]} 14. Rfd1 {[%emt 0:00:17]} Rd4 {[%emt 0:12:38]} 15. Bd3 {[%emt 0:24:50]} e6 {[%emt 0:14:57]} 16. Ne2 {[%emt 0:07:37]} Rdd8 {[%emt 0:04:11]} 17. f3 {[%emt 0:04:49]} Rab8 {[%emt 0:03:04]} 18. Bc4 {[%emt 0:14:41]} Nd7 {[%emt 0:10:56]} 19. Rab1 {[%emt 0:15:34]} Bf8 {[%emt 0:01:21]} 20. Kf1 {[%emt 0:01:18]} a5 {[%emt 0:08:44]} 21. a3 {[%emt 0:07:59]} Rb7 {[%emt 0:12:54]} 22. Nc1 {[%emt 0:02:06]} Ra8 {[%emt 0:17:40]} 23. Nd3 {[%emt 0:01:10]} Rab8 {[%emt 0:00:40]} 24. a4 {[%emt 0:02:49]} Bc5 {[%emt 0:01:11]} 25. c3 {[%emt 0:00:38]} Kg7 {[%emt 0:04:17]} 26. Ba6 {[%emt 0:00:54]} Ra7 {[%emt 0:00:56]} 27. Bc4 {[%emt 0:00:15]} Kf6 {[%emt 0:00:51]} 28. b4 {[%emt 0:00:26]} axb4 {[%emt 0:00:32]} 29. cxb4 {[%emt 0:00:01]} Rxa4 {[%emt 0:02:57]} 30. Bb3 {[%emt 0:01:13]} Ra3 {[%emt 0:00:01]} 31. Nxc5 {[%emt 0:00:47]} Nxc5 {[%emt 0:00:02]} 32. bxc5 {[%emt 0:00:07]} Rbxb3 {[%emt 0:00:15]} 33. Rxb3 {[%emt 0:00:02]} Rxb3 {[%emt 0:00:01]} 34. Rd6 {[%emt 0:00:16]} Kg5 {[%emt 0:02:57]} 35. Kf2 {[%emt 0:00:25]} h5 {[%emt 0:01:15]} 36. Rxc6 {[%emt 0:01:00]} h4 {[%emt 0:00:31]} 37. Rc7 {[%emt 0:00:39]} Rb2+ {[%emt 0:00:12]} 38. Kg1 {[%emt 0:00:55]} f5 {[%emt 0:00:32]} 39. c6 $2 {[%emt 0:00:31] [#]} (39. exf5 $15 exf5 40. h3) 39... Kf4 $2 {[%emt 0:00:38]} (39... h3 $1 $19 {[%mdl 512]} 40. g3 (40. gxh3 Kf4) 40... fxe4 41. fxe4 Rg2+ 42. Kh1 {[#]} Rc2 $1 {[%mdl 512]}) 40. Rc8 $2 {[%emt 0:00:00]} (40. Rb7 $17 {is a better chance.} Rc2 41. Rb4) 40... h3 {[%emt 0:00:00]} 41. c7 {[%emt 0:11:50]} Rxg2+ {[%emt 0:02:47]} 42. Kf1 {[%emt 0:02:11] [#]} Rc2 $1 {[%emt 0:00:13]} 43. Rh8 {[%emt 0:00:40]} Rxc7 {[%emt 0:00:07]} 44. Rxh3 {[%emt 0:00:11]} g5 $19 {[%emt 0:06:48]} 45. Kg2 {[%emt 0:04:27]} Rc2+ {[%emt 0:00:11]} 46. Kg1 {[%emt 0:00:19]} Rc3 {[%emt 0:00:53]} 47. Kf2 {[%emt 0:02:19]} g4 {[%emt 0:01:46]} 48. Rh6 {[%emt 0:00:07]} Rc2+ {[%emt 0:01:16]} 49. Ke1 {[%emt 0:00:28]} gxf3 {[%emt 0:00:32]} 50. Rxe6 {[%emt 0:00:11]} Ke3 {[%emt 0:00:58]} 0-1